Maravillas y tesoros del patrimonio de la humanidad: Europa oriental
Αποθηκεύτηκε σε:
| Συγγραφή απο Οργανισμό/Αρχή: | |
|---|---|
| Μορφή: | Βιβλίο |
| Γλώσσα: | Ισπανικά |
| Έκδοση: |
Santiago
Tiempo
2003
|
| Σειρά: | Nuestro Mundo
|
| Θέματα: | |
| Ετικέτες: |
Προσθήκη ετικέτας
Δεν υπάρχουν, Καταχωρήστε ετικέτα πρώτοι!
|
MARC
| LEADER | 00000nam a2200000 a 4500 | ||
|---|---|---|---|
| 001 | UCK5072 | ||
| 003 | CL-VaPUC | ||
| 008 | 050708e20030000cl |||||||||||||||||spa|d | ||
| 082 | 0 | 4 | |a 911 |b GRU |2 21 |
| 110 | 2 | |a Grupo Zeta |e author |9 493774 | |
| 245 | 1 | 0 | |a Maravillas y tesoros del patrimonio de la humanidad: Europa oriental |
| 300 | |a 48 p | ||
| 942 | |c BK | ||
| 945 | |d 20050708 00:00:00 |a cmena | ||
| 260 | |a Santiago |b Tiempo |c 2003 | ||
| 500 | |a Contiene fotos y mapas | ||
| 650 | 7 | |a PATRIMONIO DE LA HUMANIDAD |2 CL-VaPUC |9 493775 | |
| 651 | 7 | |a EUROPA ORIENTAL |2 CL-VaPUC |9 257534 | |
| 583 | |a last modification |c 20171218 06:13:40 |k Rodrigo Vera | ||
| 490 | 0 | |a Nuestro Mundo | |
| 999 | |c 313759 |d 313757 | ||
| 952 | |0 0 |1 0 |4 0 |6 911_000000000000000_GRU_2003 |7 0 |8 P |9 385257 |a BIBARQ |b BIBARQ |d 2019-11-22 |i 4127307 |o 911 GRU 2003 |p 4127307 |r 2025-01-20 |w 2019-11-22 |y BK |k ARQ | ||